| 000 | 00851nam a2200241 i 4500 | ||
|---|---|---|---|
| 001 | bg | ||
| 245 | 0 | 0 |
_aLaboratorium optoelektroniki światłowodowej : _bpraca zbiorowa / _cpod red. Aleksandra Opilskiego. |
| 260 |
_aGliwice : _bWydaw. Politechniki Śląskiej, _c2002. |
||
| 300 |
_a433, [2] s. : _bil. ; _c24 cm. |
||
| 504 | _aBibliogr. przy rozdz. | ||
| 650 | 9 | _aOptoelektronika | |
| 650 | 9 | _aŚwiatłowody | |
| 655 | _aPodręczniki akademickie | ||
| 700 | 1 |
_aOPILSKI, Aleksander _d(1931- ). _eRed. |
|
| 020 | _a8373350365 | ||
| 040 | _cBPK | ||
| 041 | 0 | _apl | |
| 080 | _a621.38:621.372:535.8](075.8) | ||
| 920 | _a83-7335-036-5 | ||
| 942 | _cKS | ||
| 008 | s pl f |000 0 pol | ||
| 999 |
_c42353 _d42353 |
||
| 856 |
_uhttp://koha.tu.koszalin.pl/cgi-bin/koha/opac-detail.pl?biblionumber=42353 _yKatalog online BPK |
||